Cities of Vietnam - Satellite - Statistics

General Stats
  • This quiz has been taken 17 times
  • The average score is 6 of 8
Answer Stats
Picture Answer % Correct
Da Nang
100%
Ho Chi Minh City
100%
Hanoi
94%
Hue
94%
Can Tho
75%
Vung Tau
75%
Haiphong
56%
Mong Cai
19%
No matching quizzes found
Score Distribution
Percent of People with Each Score
Percentile by Number Answered
Your Score History
You have not taken this quiz